000 00664nam a2200229Ia 4500
999 _c51301
_d51301
001 18270
003 GE_BSU
005 20230324163837.0
008 181216s2007||||fr |||||||||||||| ||fre||
020 _a9782090352146
040 _cGE_BSU
080 _a811.133.1 G-72
100 _aGrand-Clement,Odile
_917255
245 _aCivilisation en dialogues :
_b Niveau debutant /
_cOdile Grand-Clement.
264 _aParis :
_bCLE International,
_c2007.
300 _a128 p. :
_bill. ;
_c29cm.
_e+1CD
541 _h98 Gel.05 T.
653 _aCivilisation en dialogues
653 _aNiveau debutant
653 _aფრანგული ენა
942 _cBK
_2udc